| 000 | 00877nam a2200253Ia 4500 | ||
|---|---|---|---|
| 003 | OSt | ||
| 005 | 20221005104415.0 | ||
| 006 | a|||||r|||| 00| 0 | ||
| 007 | ta | ||
| 008 | 221004b |||||||| |||| 00| 0 hin d | ||
| 024 | _a31879 | ||
| 037 | _cTextual | ||
| 040 |
_aCRL _cCRL _bhin |
||
| 041 |
_2hin _ahin |
||
| 082 | _aO152,6N177xK9, P7 | ||
| 100 | _aमुक्तिबोध, गजानन माधव | ||
| 245 | 0 | _aएक साहित्यिक की डायरी | |
| 246 | _aEk sāhityik kī ḍāyarī | ||
| 260 |
_aदिल्ली _bभारतीय ज्ञानपीठ भारत _c2007 |
||
| 300 |
_a120पृ. _ccm. |
||
| 650 | _aहिन्दी कहानी | ||
| 942 |
_hO152,6N177xK9, P7 _cTEXL _2cc |
||
| 999 |
_c1012626 _d1012626 |
||